Out of the loop (Record no. 77039)
[ view plain ]
| 000 -LEADER | |
|---|---|
| fixed length control field | 00859cab a2200205 4500 |
| 001 - CONTROL NUMBER | |
| control field | ##L133491 |
| 008 - FIXED-LENGTH DATA ELEMENTS--GENERAL INFORMATION | |
| fixed length control field | 060512n2006 000 0 eng u |
| 035 ## - SYSTEM CONTROL NUMBER | |
| System control number | (Sirsi) u133491 |
| 041 0# - LANGUAGE CODE | |
| Language code of text/sound track or separate title | eng |
| 100 1# - MAIN ENTRY--PERSONAL NAME | |
| Personal name | Shepherd, Mark |
| 245 00 - TITLE STATEMENT | |
| Title | Out of the loop |
| 260 ## - PUBLICATION, DISTRIBUTION, ETC. | |
| Date of publication, distribution, etc. | 2006 |
| 490 #0 - SERIES STATEMENT | |
| Series statement | Property Week |
| Volume/sequential designation | 71(19) 12 May 2006, 68-69(2) |
| 520 ## - SUMMARY, ETC. | |
| Summary, etc. | Reports on the growing trend for surveyors to bypass solicitors and seek legal advice directly from barristers. Sets out opinions from top solicitors and barristers. |
| 590 ## - LOCAL NOTE (RLIN) | |
| Local note | IKA230506 |
| 650 24 - SUBJECT ADDED ENTRY--TOPICAL TERM | |
| Topical term or geographic name entry element | DIRECT PROFESSIONAL ACCESS TO BARRISTERS : GUIDANCE NOTES TO ASSIST RICS MEMBERS IN THE USE OF DIRECT ACCESS TO BARRISTERS IN ENGLAND AND WALES |
| 651 #4 - SUBJECT ADDED ENTRY--GEOGRAPHIC NAME | |
| Geographic name | England and Wales |
| Chronological subdivision | 1543- |
| 690 ## - LOCAL SUBJECT ADDED ENTRY--TOPICAL TERM (OCLC, RLIN) | |
| Topical term or geographic name as entry element | MANAGEMENT-DISPUTE AVOIDANCE, MANAGEMENT AND RESOLUTION-DISPUTE MANAGEMENT AND RESOLUTION |
| 942 ## - ADDED ENTRY ELEMENTS (KOHA) | |
| Suppress in OPAC | 0 |
| Withdrawn status | Lost status | Source of classification or shelving scheme | Damaged status | Not for loan | Home library | Current library | Shelving location | Date acquired | Total Checkouts | Full call number | Barcode | Date last seen | Copy number | Price effective from | Koha item type |
|---|---|---|---|---|---|---|---|---|---|---|---|---|---|---|---|
| Dewey Decimal Classification | London | London | Journal article | 12/05/2006 | L133491 | 133491-1001 | 06/08/2019 | 1 | 06/08/2019 | Journal article |